| 000 | 00481nam a22001577a 4500 | ||
|---|---|---|---|
| 005 | 20250208085812.0 | ||
| 008 | 250208b |||||||| |||| 00| 0 eng d | ||
| 020 | _a9781853176555 | ||
| 050 |
_aRC523 _b.C55 |
||
| 245 |
_aClinical Diagnosis and Management of Alzheimer's Disease/ _cedited by Serge Gauthier |
||
| 250 | _a2nd ed. | ||
| 260 |
_aLondon _bMartin Dunitz _c1999 |
||
| 300 |
_axii. 386p. _bill. some color _c25.5cm |
||
| 700 | _aGauthier, Serge | ||
| 942 |
_2lcc _cBK _e2nd ed. _n0 |
||
| 999 |
_c3633 _d3633 |
||